Rímskokatolícka cirkev : predstavitelia cirkvi

Podrobná bibliografia
Médium: Článok
Jazyk:Slovak
Témy:
ISBN: 80-968115-7-6
Zdroj: 1. Prehľad registrovaných cirkví a osobností náboženského života v Slovenskej republike 1. Bratislava : Ústav pre vzťahy štátu a cirkvi, 1998 1. 80-968115-7-6 1. S. 8-17
LEADER 00975naa a2200313 a 4500
001 000020005
003 SVKKK
005 20071210083202.0
008 030616c1998 xo e sloo
FMT
038 |a SVKKK 
040 |a SVKKK  |b slo  |e AACR2 
041 0 |a slo 
044 |a xo  |c SK 
080 |a 28  |2 1981 
080 |a 929 Tondra, František  |2 1981 
090 |a IV 179897 
245 0 0 |a Rímskokatolícka cirkev :  |b predstavitelia cirkvi 
300 |b Fotogr., obr. 
600 1 4 |a Tondra, František,  |d 1936-,  |x biskup 
650 0 4 |a cirkev rímskokatolícka  |x Tondra, František (biskup, 1936-,)  |z Spišské Vlachy (SN)  |x rodák  |x profily 
773 0 |t Prehľad registrovaných cirkví a osobností náboženského života v Slovenskej republike  |d Bratislava : Ústav pre vzťahy štátu a cirkvi, 1998  |z 80-968115-7-6  |g S. 8-17 
957 |a Spišské Vlachy 
958 |a SN 
974 |d 990412  |a Čr 
992 |a RZB 
BAS
852 |a SVKKK  |b BIB 
998 |a REG